000 00467cam a2200193ua 4500
001 2323
005 20260515113455.0
008 110806n ii |||gr||||Z||||||asm
040 _cMAIN
082 _a370
100 _aSharma, Mukul Kr.,
245 1 _aShiksha vol-I(H. S. 1st yr.)
_cby Mukul Kr. Sharma
250 _a3rd.
260 _aDibrugarh:
_bStudents emporium,992.
300 _avi; 252p:
_c23cm.
653 _aEducation
653 _aShiksha
942 _cBK
999 _c2180
_d2180